LEADER 00944nam a2200217 i 4500 001 000000215304 003 CaOOAMICUS 005 20120817000000.0 008 120817s1819 it u000 u lat u 013 $a194176 026 $aTARA 4.is t.e, 4Ite (7) 1819 (R) 040 $aSeMil$bita 245 10$aC. Crispi Sallustii Opera. 300 $a[8], XXX, [2], 307, [5] p., [1] carta di tav. :$britr. calcogr. 490 0 $aClassicorum Latinorum nova editio cum notis et commentariis ;$v1 500 $aA cura di Bartolomeo Nardini, il cui nome compare a p. III. 650 4$aSallustio, Crispo Gaio <86-34 a.C.> - Opere.$0(OLS)http://semarc/subject/4191 830 0$aClassicorum Latinorum nova editio cum notis et commentariis ;$v1.$0(OLS)http://semarc/title/35293 850 $aSeMil 852 $aSeMil$W1$xVenegono$y1$m1X VI 6 FA$j165725$B165725$CSeMilBibl$Z2$F176688 $8I 996 $6245$aC. Crispi Sallustii Opera$9(OLS)http://semarc/title/309994 LEADER 00900nam a2200217 i 4500 001 000000215431 003 CaOOAMICUS 005 20120823000000.0 008 120823s1912 it u000 u ita u 013 $a194303 040 $aSeMil$bita 100 1 $aGiussani, Antonio.$0(OLS)http://semarc/name/18651 245 12$aL'abbazia di S. Pietro al monte sopra Civate /$cA. Giussani. 260 $aComo :$bTip. Cavalleri & Fossati,$c1912. 300 $a40 p. :$bill. ;$c23 cm. 500 $aEstr. da: Lario, aprile, maggio, giugno. 650 4$aCivate - Chiese - San Pietro al Monte.$0(OLS)http://semarc/subject/37031 850 $aSeMil 852 $aSeMil$W1$xVenegono$y1$m3P IV 77$j165851$B165851$CSeMilBibl$Z2$F176810 $81 996 $6245$aL'abbazia di S. Pietro al monte sopra Civate$9(OLS)http://semarc/title/310136 996 $6260$aComo :$bTip. Cavalleri & Fossati$9(OLS)http://semarc/publisher/52925